| 000 | 01331nac a22003491u 4500 | ||
|---|---|---|---|
| 999 |
_c6872 _d6872 |
||
| 003 | EG-ScBUE | ||
| 005 | 20210425103148.0 | ||
| 008 | 200219s2006 enk f 000 0 eng d | ||
| 020 | _a0198614535 (acid-free paper) | ||
| 020 | _a9780198614531 | ||
| 035 | _a(OCoLC)ocm70259081 | ||
| 040 |
_aEG-ScBUE _beng _erda _cEG-ScBUE _dEG-ScBUE |
||
| 082 | 0 | 4 |
_a820.9 _bOXF _222 |
| 100 | _a20080729 | ||
| 245 | 0 | 4 |
_aThe Oxford companion to English literature / _cedited by Margaret Drabble. |
| 250 |
_aSixth edition, _brevised |
||
| 264 | 1 |
_aOxford ; _aNew York : _bOxford University Press, _c2006. |
|
| 300 |
_aviii, 1172 pages ; _c25 cm |
||
| 336 |
_2rdacontent _atext _btxt |
||
| 337 |
_2rdamedia _aunmediated _bn |
||
| 338 |
_2rdacarrier _avolume _bnc |
||
| 500 | _aIncludes appendices. | ||
| 650 | 7 |
_aEnglish literature _vEncyclopedias. _2BUEsh |
|
| 650 | 7 |
_aEnglish literature _vBio-bibliography _vEncyclopedias. _2BUEsh |
|
| 651 | 7 |
_aEnglish-speaking countries _xIntellectual life _2BUEsh |
|
| 651 | 7 |
_aEnglish-speaking countries _xIn literature _2BUEsh |
|
| 653 |
_bHHUUEENN _cApril2021 |
||
| 655 |
_vReading book _934232 |
||
| 700 | 1 |
_aDrabble, Margaret, _d1939- _eeditor. _929923 |
|
| 856 | 4 | 1 |
_3Table of contents only _uhttp://www.loc.gov/catdir/enhancements/fy0626/2006049353-t.html |
| 942 |
_cNB _k820.9D78 _2ddc |
||